Fossiles crétacés de la cote orientale,

Saved in:
Bibliographic Details
Main Author: Cottreau, Jean.
Other Authors: Canu, Ferdinand, 1863-1932.
Format: Book Chapter
Language:French
Published: Paris, Masson et cie, 1922.
Series:Paléontologie de Madagascar, X
Subjects:
Tags: Add Tag
No Tags, Be the first to tag this record!
LEADER 00886naa a2200253K 4500
001 005018174-2
005 20020606095253.2
008 870820s1922 fr abf b 000 0 fre d
035 0 |a ocm16515886 
040 |a LRU  |c LRU  |d HMZ 
100 1 |a Cottreau, Jean. 
245 1 0 |a Fossiles crétacés de la cote orientale,  |c par Jean Cottreau. (Bryozoaires par F. Canu) 
260 |a Paris,  |b Masson et cie,  |c 1922. 
300 |a 83 [1] p.  |b illus. (map) xi plates.  |c 29 cm. 
490 0 |a Paléontologie de Madagascar,  |v X 
500 |a Each plate preceded by a guard sheet with descriptive letter-press. 
504 |a Bibliography: p. 6. 
650 0 |a Paleontology  |y Cretaceous. 
650 0 |a Paleontology  |z Madagascar. 
650 0 |a Bryozoa, Fossil. 
700 1 |a Canu, Ferdinand,  |d 1863-1932. 
773 0 |t Annales de paléont.  |g From vol. 11. Fasc. 3 & 4. 1922. Paris. 
988 |a 20020608 
906 |0 OCLC